Why men and women behave differently when investing

Psychológia investorov a ich racionálne a neracionálne správanie. Rozdiely medzi ženami a mužmi pri investovaní. Rozhodovanie za podmienok rizika a neistoty.

Guardado en:
Detalles Bibliográficos
Autor principal: Pilch, Ctibor, 1957-
Formato: Capítulo de libro
Lenguaje:inglés
Materias:
Etiquetas: Agregar Etiqueta
Sin Etiquetas, Sea el primero en etiquetar este registro!

MARC

LEADER 00000naa$a2200000$$$4500
001 0224172
005 20240502083557.8
041 0 |a eng 
044 |a CZ 
245 1 0 |a Why men and women behave differently when investing  |c Ctibor Pilch 
520 |a Psychológia investorov a ich racionálne a neracionálne správanie. Rozdiely medzi ženami a mužmi pri investovaní. Rozhodovanie za podmienok rizika a neistoty. 
610 2 0 |a investori 
610 2 0 |a investovanie 
610 2 0 |a muži 
610 2 0 |a ženy 
610 2 0 |a psychológia 
610 2 0 |a stratégia investičná 
610 2 0 |a rozhodovanie investičné 
610 2 0 |a riziko 
100 1 |a Pilch, Ctibor, 1957-